000 00724nam a2200265Ia 4500
003 OSt
005 20221006150825.0
006 a|||||r|||| 00| 0
007 ta
008 221006b |||||||| |||| 00| 0 jpn d
020 _c¥10000
024 _a19,917
037 _bGift, Japan Foundation
_cTextual
040 _aEASL
_cEASL
_bjpn
041 _2jpn
_ajpn
082 _aW6v42.N26, L8.1
100 _aSHINOBU Seizaburo
_9657711
245 0 _aTaisho demokurashi shi
260 _aTokyo
_bNihon Hyoronsha Japan
_c1978
300 _a1117p.
_ccm.
490 _v JL
650 _aJL
942 _hW6v42.N26, L8.1
_cTEXL
_2CC
999 _c1088003
_d1088003